Tablice Rejestracyjne Województwa Małopolskiego - Statystyki

Ogólne statystyki
  • Ten quiz został rozwiązany 240 razy
  • Średni wynik to 21 z 22
Statystyki odpowiedzi
Powiat Tablica Rejestracyjna % Poprawnych
brzeski KBR
100%
chrzanowski KCH
100%
Kraków KR | KK
100%
Nowy Sącz KN
99%
nowosądecki KNS
99%
bocheński KBC | KBA
98%
gorlicki KGR
98%
limanowski KLI
98%
myślenicki KMY
98%
olkuski KOL
98%
oświęcimski KOS
98%
Tarnów KT
98%
wadowicki KWA
98%
wielicki KWI
98%
miechowski KMI
97%
nowotarski KNT
97%
proszowicki KPR
97%
krakowski KRA
97%
suski KSU
97%
tarnowski KTA
97%
dąbrowski KDA
96%
tatrzański KTT
92%
Nie znaleziono quizów pasujących do podanych kryteriów
Rozkład punktacji
Procent ludzi z każdym wynikiem
Percentyl według liczby udzielonych odpowiedzi
Twoja historia wyników
Nie rozwiązałeś tego quizu